Statistics for Air Botswana-Gaborone

Click here to take the quiz!

General Stats

  • This quiz has been taken 9 times
  • The average score is 5 of 7

Answer Stats

Country Airport % Correct
South AfricaCape Town
100%
South AfricaJohannesburg
100%
ZambiaLusaka
88%
ZimbabweHarare
88%
BotswanaFrancistown
50%
BotswanaMaun
50%
BotswanaKasane
25%

Score Distribution

Percentile by Number Answered

Percent of People with Each Score

Your Score History

You have not taken this quiz